书目信息 |
| 题名: |
湍流
|
|
| 作者: | 张兆顺 著 | |
| 分册: | ||
| 出版信息: | 北京 国防工业出版社 2002.01 |
|
| 页数: | xxv, 329页 | |
| 开本: | 21cm | |
| 丛书名: | 近代空气动力学丛书 | |
| 单 册: | ||
| 中图分类: | O357.5 | |
| 科图分类: | ||
| 主题词: | 湍流理论 | |
| 电子资源: | ||
| ISBN: | 7-118-02695-6 | |
| 000 | 00894nam2 2200277 450 | |
| 001 | 010236400827 | |
| 005 | 20050906152206.50 | |
| 010 | @a7-118-02695-6@b精装@dCNY24.00 | |
| 100 | @a20050601d2002 km y0chiy0120 ea | |
| 101 | 0 | @achi |
| 102 | @aCN@b110000 | |
| 105 | @aa a 001yy | |
| 200 | 1 | @a湍流@Atuan liu@d= Turbulence@f张兆顺著@Fzhang zhao shun zhu@zeng |
| 210 | @a北京@c国防工业出版社@d2002.01 | |
| 215 | @axxv, 329页@c图@d21cm | |
| 225 | 2 | @a近代空气动力学丛书 |
| 300 | @a国防科技图书出版基金资助出版。 | |
| 320 | @a有书目 (第314-322页) 和索引。 | |
| 330 | @a本书分六章,简明、系统地讲述湍流的理论、实验和数值研究方法,特别注重近代理论和方法的发展。 | |
| 410 | 0 | @12001 @a近代空气动力学丛书 |
| 510 | 1 | @aTurbulence@zeng |
| 606 | 0 | @a湍流理论 |
| 690 | @aO357.5@v4 | |
| 701 | 0 | @a张兆顺@Azhang zhao shun@4著 |
| 801 | 0 | @aCN@bQSSK@c20050906 |
| 905 | @a10447@dO357.5@eZ246 | |
| 湍流= Turbulence/张兆顺著.-北京:国防工业出版社,2002.01 |
| xxv, 329页:图;21cm.-(近代空气动力学丛书) |
| 国防科技图书出版基金资助出版。 |
| ISBN 7-118-02695-6(精装):CNY24.00 |
| 本书分六章,简明、系统地讲述湍流的理论、实验和数值研究方法,特别注重近代理论和方法的发展。 |
| ● |
| 相关链接 |
|
|
|
正题名:湍流
索取号:O357.5/Z246
 
预约/预借
| 序号 | 登录号 | 条形码 | 馆藏地/架位号 | 状态 | 备注 |
| 1 | 561469 | 205614691 | 自科库401/401自科库 53排7列3层/ [索取号:O357.5/Z246] | 在馆 | |
| 2 | 561470 | 205614708 | 自科库401/401自科库 53排7列3层/ [索取号:O357.5/Z246] | 在馆 | |
| 3 | 561471 | 205614717 | 自科库401/401自科库 53排7列3层/ [索取号:O357.5/Z246] | 在馆 |